[Event "Lost Boys Open"]
[Site "Amsterdam NED"]
[Date "2000.08.15"]
[Round "5"]
[White "Wendt,R"]
[Black "Van der Wiel,J"]
[Result "0-1"]
[WhiteElo "2373"]
[BlackElo "2531"]

1.d4 Nf6 2.c4 e6 3.Nf3 b6 4.Nc3 Bb7 5.Bg5 h6 6.Bh4 Be7 7.e3 c5 8.Be2 cxd4
9.Qxd4 O-O 10.O-O d5 11.cxd5 Nxd5 12.Bxe7 Qxe7 13.Rfd1 Nxc3 14.Qxc3 Rc8 15.Qd2 Na6
16.Rac1 Nc5 17.Qb4 e5 18.Qg4 Bxf3 19.gxf3 a5 20.Bc4 Rd8 21.Qf5 Qg5+ 22.Qxg5 hxg5
23.Kg2 Kf8 24.b3 Ke7 25.a3 Rac8 26.Rxd8 Rxd8 27.b4 Nd3 28.Rb1 axb4 29.axb4 f5
30.Kf1 e4 31.fxe4 Ne5 32.Bd5 fxe4 33.Bxe4 Nc4 34.Ke2 Nd2 35.Bd3 Nxb1 36.Bxb1 Rh8
37.b5 Rxh2 38.Kf3 Kd6 39.Be4 Rh4 40.Bc6 Rc4 41.Be8 Rc8 42.Bg6 Kc5 43.Bd3 Rd8
44.Ke4 g4 45.Be2 Rd2  0-1

[Event "Open"]
[Site "Polanica Zdroj POL"]
[Date "2000.08.21"]
[Round "5"]
[White "Kempinski,R"]
[Black "Pinski,J"]
[Result "1-0"]
[WhiteElo "2498"]
[BlackElo "2408"]

1.d4 Nf6 2.c4 e6 3.Nf3 b6 4.Nc3 Bb4 5.Qc2 Bb7 6.a3 Bxc3+ 7.Qxc3 d6 8.e3 Nbd7
9.b4 a5 10.Bb2 O-O 11.Be2 Ne4 12.Qd3 f5 13.O-O Ndf6 14.Nd2 Nxd2 15.Qxd2 Ne4
16.Qc1 Qd7 17.f3 Nf6 18.Qc2 d5 19.c5 Bc6 20.Rfc1 b5 21.a4 Rfb8 22.axb5 Bxb5
23.Rxa5 Rxa5 24.bxa5 Qc8 25.Bxb5 Rxb5 26.Bc3 Qb7 27.Be1 c6 28.Ra1 Qa6 29.Rb1 Nd7
30.h3 Qb7 31.Rxb5 Qxb5 32.e4 fxe4 33.fxe4 e5 34.exd5 exd4 35.Qe4 Qxc5 36.Qe6+ Kf8
37.Qxd7 d3+ 38.Kh2 Qe3 39.Qf5+ Ke7 40.Qe6+ Qxe6 41.dxe6  1-0

[Event "MSO Ron Banwell mem"]
[Site "London ENG"]
[Date "2000.08.26"]
[Round "7"]
[White "Crouch,C"]
[Black "Moloney,N"]
[Result "1-0"]
[WhiteElo "2448"]
[BlackElo "2198"]

1.d4 Nf6 2.c4 e6 3.Nf3 b6 4.Nc3 Bb7 5.a3 d5 6.Bg5 Be7 7.e3 O-O 8.Qc2 Ne4
9.Bxe7 Qxe7 10.Rc1 Nd7 11.cxd5 exd5 12.Be2 f5 13.O-O Rf6 14.Nxe4 fxe4 15.Qxc7 exf3
16.Qxb7 Raf8 17.Qxd5+ Kh8 18.Bxf3 Rd6 19.Qb7 Qg5 20.Rc8 Rf6 21.Qxd7 Rxf3
22.Qe8 h5 23.Qe6 Rxc8 24.Qxc8+ Kh7 25.Qc2+ Kh8 26.Rc1 h4 27.Qe4 Rf8 28.h3 Qf6
29.Rc2  1-0

[Event "Open"]
[Site "Porto San Giorgio ITA"]
[Date "2000.08.26"]
[Round "7"]
[White "Chatalbashev,B"]
[Black "Naumkin,I"]
[Result "1-0"]
[WhiteElo "2494"]
[BlackElo "2440"]

1.d4 e6 2.c4 Nf6 3.Nf3 b6 4.Nc3 Bb7 5.e3 d5 6.Bd3 Nbd7 7.O-O Bd6 8.cxd5 exd5
9.Qc2 a6 10.e4 dxe4 11.Nxe4 O-O 12.Nxd6 cxd6 13.Bf4 Bxf3 14.gxf3 Nd5 15.Bxd6 Qg5+
16.Bg3 f5 17.Qc6 f4 18.Qxd7 fxg3 19.hxg3 Nf4 20.Bc4+ Kh8 21.Qg4 Qh6 22.Rae1 b5
23.Bb3 Rf6 24.Re4 Nd3 25.Bc2 Nxf2 26.Rxf2 Qc1+ 27.Kg2 Rh6 28.Rfe2 Rg8 29.Qf4 Qh1+
30.Kf2 Rh2+ 31.Ke3 Rxe2+ 32.Kxe2 Rc8 33.Qd2 Qg2+ 34.Kd3 Qxf3+ 35.Qe3 Qf8
36.Kd2 h6 37.Re7  1-0

[Event "Summer Festival Open"]
[Site "Lisbon POR"]
[Date "2000.08.27"]
[Round "7"]
[White "Mitkov,M"]
[Black "Mitkov,N"]
[Result "1/2-1/2"]
[WhiteElo "2402"]
[BlackElo "2532"]

1.d4 Nf6 2.c4 e6 3.Nc3 b6 4.Nf3 Bb7 5.a3 d5 6.cxd5 exd5 7.Bg5 Nbd7 8.e3 h6
9.Bh4 Bd6 10.Bd3 O-O 11.O-O a6 12.Rc1 Re8 13.Bf5 g5 14.Bg3 Bxg3 15.hxg3  1/2-1/2

[Event "ch-HUN KO"]
[Site "Budapest HUN"]
[Date "2000.08.30"]
[Round "2.1"]
[White "Peter,A"]
[Black "Honos,A"]
[Result "1-0"]
[WhiteElo "2441"]
[BlackElo "2292"]

1.d4 Nf6 2.c4 e6 3.Nf3 b6 4.Nc3 Bb7 5.a3 a5 6.Bg5 Be7 7.Qc2 O-O 8.e4 d6 9.Bd3 h6
10.Bd2 Nbd7 11.O-O e5 12.Nd5 Re8 13.Nxe7+ Qxe7 14.d5 Nc5 15.b4 Nxd3 16.Qxd3 axb4
17.axb4 Rxa1 18.Rxa1 Ra8 19.Rxa8+ Bxa8 20.Nh4 Bb7 21.Nf5 Qf8 22.Qf3 Ne8 23.Qg3 Kh7
24.Qa3 Nf6 25.f3 Qa8 26.Qxa8 Bxa8 27.c5 bxc5 28.bxc5 dxc5 29.Kf2 Kg8 30.Bc3 Nd7
31.Ba5 g6 32.Nxh6+ Kg7 33.Ng4 c6 34.d6 Bb7 35.Bc3 f6 36.f4 exf4 37.Nxf6 Nxf6
38.d7  1-0

[Event "Open"]
[Site "Abudhabi UAE"]
[Date "2000.09.01"]
[Round "6"]
[White "Roeder,M"]
[Black "El Arousy,A"]
[Result "1-0"]
[WhiteElo "2467"]
[BlackElo "2363"]

1.d4 Nf6 2.c4 e6 3.Nf3 b6 4.Nc3 Bb7 5.a3 d5 6.cxd5 Nxd5 7.Qc2 Be7 8.Bd2 Nd7
9.e4 Nxc3 10.Bxc3 O-O 11.Rd1 Qc8 12.Be2 Rd8 13.O-O c5 14.d5 Nf8 15.Bc4 a6
16.dxe6 Nxe6 17.Rxd8+ Bxd8 18.Rd1 b5 19.Bd5 Nf4 20.Bxb7 Qxb7 21.Ne5 b4 22.axb4 cxb4
23.Bxb4 Bf6 24.Bc3 Rc8 25.Nc4 Rxc4 26.Bxf6 Rc8 27.Bc3 h6 28.f3 Qb5 29.Rd2 Qc5+
30.Kh1 Qe3 31.Qd1 Qb6 32.g3 Ne6 33.Kg2 Qe3 34.Rd5 Rc6 35.Qd2 Qb6 36.h4 Rc8
37.Rd7 Qb5 38.Qd3 Nc5 39.Qxb5 axb5 40.Rd5 Na4 41.Rxb5 Nxc3 42.bxc3 Rxc3 43.Rb8+ Kh7
44.h5 g6 45.Rb7 Kg7 46.hxg6 Kxg6 47.f4 Re3 48.e5 Re1 49.Rb6+ Kg7 50.Kf2 Ra1
51.Kf3 Ra3+ 52.Kg4 Rc3 53.Rb7 Re3 54.Kf5 h5 55.Re7 Ra3 56.Rc7 Re3 57.Rd7 Re1
58.Rd3 Re2 59.Kg5 Rh2 60.Rd7 Rh3 61.e6 Rxg3+ 62.Kf5 h4 63.Rxf7+ Kg8 64.Ra7 Re3
65.Kf6 h3 66.Rg7+ Kh8 67.Rg4 Re4 68.Kf7  1-0

[Event "chT-POL"]
[Site "Zakopane chT"]
[Date "2000.09.02"]
[Round "1"]
[White "Wojcieszyn,J"]
[Black "Lukaszewski,M"]
[Result "0-1"]
[WhiteElo "2308"]
[BlackElo "2203"]

1.d4 e6 2.c4 Nf6 3.Nf3 b6 4.Nc3 Bb7 5.a3 d6 6.e3 c5 7.d5 exd5 8.cxd5 Be7
9.Be2 O-O 10.O-O Na6 11.e4 Nc7 12.Re1 a6 13.b4 Nd7 14.Bf4 Kh8 15.bxc5 Nxc5
16.Nd4 Bf6 17.Rb1 Re8 18.Rxb6 Nb5 19.Ncxb5 Qxb6 20.Nxd6 Nxe4 21.Nxe8 Bxd4
22.Qb1 Rxe8 23.Bf3 Bxd5 24.Qxb6 Bxb6 25.Bxe4 Bxe4 26.Rd1  0-1

[Event "Golombek Mem"]
[Site "Paignton ENG"]
[Date "2000.09.05"]
[Round "3"]
[White "Arkell,K"]
[Black "Turner,M"]
[Result "1/2-1/2"]
[WhiteElo "2481"]
[BlackElo "2491"]

1.d4 Nf6 2.Nf3 e6 3.c4 b6 4.Nc3 Bb4 5.Qb3 c5 6.a3 Ba5 7.Bg5 h6 8.Bd2 O-O
9.e3 cxd4 10.exd4 d5 11.Qc2 Bxc3 12.Bxc3 dxc4 13.Bxc4 Bb7 14.Bb4 Bxf3 15.gxf3 Re8
16.Bb5 Nbd7 17.Ba6 Nd5 18.Bd6 Nf8 19.Bg3 Qg5 20.h4 Qf5 21.Qe4 Nf6 22.Qe2 Nh5
23.Be5 Nf4 24.Qe4 N8g6 25.O-O-O Qxe4 26.fxe4 Nxe5 27.dxe5 Ng6 28.Rd7 Nxe5
29.Rc7 Kf8 30.h5 Re7 31.Rc3 Nd7 32.b4 Nf6 33.f3 Rd8 34.Kc2 Ne8 35.e5 Rd5
36.Re1 Rc7 37.Rxc7 Nxc7 38.Bd3 Ke7 39.Re3 f6 40.f4 Rd4 41.Rg3 Kf7 42.Bg6+ Ke7
43.Bd3 Kf7 44.Bg6+  1/2-1/2

[Event "It Gp A"]
[Site "Albacete ESP"]
[Date "2000.09.07"]
[Round "3"]
[White "Oms Pallise,J"]
[Black "Pogorelov,R"]
[Result "1-0"]
[WhiteElo "2430"]
[BlackElo "2445"]

1.d4 Nf6 2.c4 e6 3.Nf3 b6 4.Nc3 Bb4 5.Qb3 Qe7 6.Bf4 Bxc3+ 7.Qxc3 d6 8.e3 Bb7
9.Qc2 Nbd7 10.Be2 h6 11.h3 Ne4 12.Bh2 O-O 13.O-O f5 14.Rfd1 Rf6 15.d5 e5
16.Ne1 Raf8 17.f3 Ng5 18.Kh1 f4 19.Qd2 fxe3 20.Qxe3 R8f7 21.Nd3 e4 22.fxe4 Nxe4
23.Bg1 b5 24.Bh5 g6 25.Bg4 bxc4 26.Be6 Rxe6 27.dxe6 Qxe6 28.Nf4 Qf5 29.Rf1 Qg5
30.Bh2 Ndc5 31.Rf3 Nd3 32.h4 Qxh4 33.Nxd3 cxd3 34.Rxf7 Kxf7 35.Rf1+ Kg7 36.Qd4+ Kg8
37.Qc4+ d5 38.Qxc7 Nf2+ 39.Kg1  1-0

[Event "Najdorf Final KO"]
[Site "Buenos Aires ARG"]
[Date "2000.09.09"]
[Round "1.1"]
[White "Varela,G"]
[Black "Dorin,M"]
[Result "1/2-1/2"]
[WhiteElo "2249"]
[BlackElo "2410"]

1.d4 e6 2.Nf3 Nf6 3.c4 b6 4.Nc3 d5 5.e3 Be7 6.Bd3 Bb7 7.O-O O-O 8.Qe2 c5
9.Rd1 Nc6 10.b3 Rc8 11.Bb2 cxd4 12.exd4 Nb4 13.Bb1 dxc4 14.bxc4 Ba6 15.Nb5 Bxb5
16.cxb5 Nbd5 17.Ne5 Bd6 18.g3 Re8 19.Bc2 Nc3 20.Bxc3 Rxc3 21.Nc6 Qa8 22.a4 a5
23.Qd2 Bb4 24.Qe2 Qb7 25.Rab1 Qd7 26.Nxb4 axb4 27.Rxb4 Rec8 28.Rb2 Qd5 29.Bb1 Qc4
30.Qxc4 R3xc4 31.a5 bxa5 32.Bd3 Rc3 33.b6 g6 34.Bf1 a4 35.Ra1 a3 36.Rb5 Nd5
37.b7 Rb8 38.Bg2 Kf8 39.Kf1 Ke7 40.Ke1 Kd6 41.Kd2 Rc7 42.Bxd5 exd5 43.Rxa3 Rcxb7  1/2-1/2

[Event "It"]
[Site "Herzeliya ISR"]
[Date "2000.09.10"]
[Round "5"]
[White "Wells,P"]
[Black "Gustafsson,J"]
[Result "1-0"]
[WhiteElo "2506"]
[BlackElo "2506"]

1.d4 Nf6 2.c4 e6 3.Nf3 b6 4.Nc3 Bb4 5.Bg5 Bb7 6.Nd2 h6 7.Bh4 Bxc3 8.bxc3 d6
9.f3 Nbd7 10.e4 Qe7 11.c5 bxc5 12.Rb1 Bc8 13.e5 dxe5 14.dxe5 Nxe5 15.f4 Ng6
16.Bxf6 Qxf6 17.Qf3 O-O 18.Qxa8 e5 19.f5 Qxf5 20.Qf3 Qg5 21.Ne4 Qe7 22.Bc4 Kh8
23.Rb8 Nh4 24.Qf2 f5 25.O-O  1-0

[Event "It"]
[Site "Herzeliya ISR"]
[Date "2000.09.11"]
[Round "6"]
[White "Gustafsson,J"]
[Black "Botvinnik,Il"]
[Result "1-0"]
[WhiteElo "2506"]
[BlackElo "2425"]

1.d4 e6 2.Nf3 Nf6 3.c4 b6 4.Nc3 Bb7 5.a3 g6 6.Qd3 Bg7 7.e4 d6 8.Be2 Nbd7
9.O-O O-O 10.Qc2 e5 11.d5 Nh5 12.g3 Bf6 13.b4 Ng7 14.Bh6 Be7 15.Qd2 Bc8 16.Ne1 f5
17.exf5 gxf5 18.f4 Rf6 19.Bg5 Rg6 20.Bxe7 Qxe7 21.Ng2 Nf8 22.Rae1 Rf6 23.Bd3 Bd7
24.c5 Ng6 25.fxe5 Nxe5 26.c6 Be8 27.Ba6 Bh5 28.Nf4 Re8 29.Be2 Bg4 30.Nb5 Qf7
31.Nd4 Bxe2 32.Rxe2 Ng6 33.Rxe8+ Qxe8 34.Nfe6 Nxe6 35.Nxe6 Qe7 36.Qd3 Nf8
37.Nd4 Qe5 38.Nxf5 Ng6 39.Kg2 Kf8 40.Qd4 Qxd4 41.Nxd4 Rxf1 42.Kxf1 Ne7  1-0

[Event "1st European Blitz Ch"]
[Site "Neum BIH"]
[Date "2000.10.05"]
[Round "18"]
[White "Sokolov,I"]
[Black "Gofshtein,L"]
[Result "1-0"]
[WhiteElo "2611"]
[BlackElo "2561"]

1.d4 Nf6 2.c4 e6 3.Nf3 b6 4.Nc3 Bb7 5.a3 d5 6.Bg5 Be7 7.e3 Nbd7 8.Rc1 O-O
9.cxd5 exd5 10.Bd3 h6 11.Bf4 c5 12.O-O a6 13.Ne5 c4 14.Bf5 b5 15.Nxd7 Nxd7
16.Bxh6 gxh6 17.Qg4+ Kh8 18.Bxd7 Rg8 19.Qh3 Qf8 20.Bg4 Rd8 21.f4 Bc6 22.Rf3 a5
23.Bf5 b4 24.axb4 axb4 25.Ne2 Ra8 26.Qh5 Qg7 27.Rg3 Qf6 28.Rxg8+ Kxg8 29.Ng3 Ra5
30.Qg4+ Qg7 31.Qf3 Qf6 32.Bb1 Kf8 33.Nh5 Qd6 34.Qg4 Ke8 35.Qg8+ Kd7 36.Qxf7 Kd8
37.Qg8+ Kc7 38.Ng3 Ra8 39.Qh7 Bd7 40.Bf5 Rf8 41.Bxd7 Qxd7 42.Qxh6 Kb7 43.Ra1 Qb5
44.Qe6 Re8 45.Nf5 Bf8 46.Qf7+ Kc8 47.Ra8+  1-0

[Event "Veselin Boskovic Mem"]
[Site "Belgrade YUG"]
[Date "2000.10.08"]
[Round "5"]
[White "Ivanisevic,I"]
[Black "Romanishin,O"]
[Result "1/2-1/2"]
[WhiteElo "2530"]
[BlackElo "2591"]

1.d4 Nf6 2.c4 e6 3.Nf3 b6 4.Nc3 Bb7 5.a3 Ne4 6.Nxe4 Bxe4 7.Nd2 Bb7 8.e4 d6
9.Bd3 Nd7 10.Nf3 Be7 11.O-O a5 12.Bd2 O-O 13.b4 axb4 14.axb4 Rxa1 15.Qxa1 Qa8
16.Qb1 Qa7 17.Bc3 Ra8 18.Qc2 Qa4 19.Qd2 Qa2 20.Qc1 Qa3 21.Qc2 Qa4 22.Qe2 Qa3
23.Qc2  1/2-1/2

[Event "FSGM October"]
[Site "Budapest HUN"]
[Date "2000.10.17"]
[Round "11"]
[White "Postny,E"]
[Black "Balogh,C"]
[Result "1/2-1/2"]
[WhiteElo "2434"]
[BlackElo "2359"]

1.d4 Nf6 2.c4 e6 3.Nf3 b6 4.Nc3 Bb7 5.Bg5 h6 6.Bh4 g5 7.Bg3 Nh5 8.e3 Nxg3
9.hxg3 Bg7 10.g4 d6 11.Bd3 Nc6 12.Be4 Na5 13.Bxb7 Nxb7 14.Qd3 c6 15.e4 h5
16.gxh5 g4 17.Nd2 Qg5 18.O-O-O O-O-O 19.f4 gxf3 20.gxf3 Rxh5 21.Rxh5 Qxh5
22.d5 Nc5 23.Qc2 cxd5 24.cxd5 Kb8 25.dxe6  1/2-1/2

[Event "chT-SLO"]
[Site "Bled SLO"]
[Date "2000.10.18"]
[Round "5"]
[White "Soln,P"]
[Black "Polajzer,D"]
[Result "1/2-1/2"]
[WhiteElo "2413"]
[BlackElo "2416"]

1.d4 Nf6 2.Nf3 e6 3.c4 b6 4.Nc3 Bb4 5.Qb3 c5 6.Bg5 Bb7 7.O-O-O Bxc3 8.Qxc3 Ne4
9.Qe3 Nxg5 10.Nxg5 cxd4 11.Rxd4 Nc6 12.Rh4 Rc8 13.Qg3 Ne7 14.e4 Ng6 15.Rxh7 Rxh7
16.Nxh7 Bxe4 17.h4 Qc7 18.Qxc7 Rxc7 19.f3 Bd5 20.b3 b5 21.h5 Ne5 22.h6 gxh6
23.Nf6+ Ke7 24.Nxd5+ exd5 25.c5 Rxc5+ 26.Kd2 b4 27.Rxh6 d6 28.Rh4 Ra5 29.Rxb4 Rxa2+
30.Ke3 a5 31.Rb7+ Ke6 32.g3 d4+ 33.Kxd4 Nxf3+ 34.Ke3 Ne5 35.Be2 Rb2 36.Rb5 Ra2
37.Bf1 f5 38.Be2 Kd7 39.Rb8 Ra3 40.Kf4 Ra2 41.Bh5 Rh2 42.Kg5 Rh3 43.Ra8 Rxg3+
44.Kxf5 Rxb3 45.Ra7+ Kc6 46.Rxa5  1/2-1/2

[Event "4th OIBM"]
[Site "Bad Wiessee GER"]
[Date "2000.10.28"]
[Round "1"]
[White "Herms,A"]
[Black "Nenashev,A"]
[Result "0-1"]
[WhiteElo "2065"]
[BlackElo "2642"]

1.d4 Nf6 2.Nf3 e6 3.c4 b6 4.Nc3 Bb7 5.g3 Bb4 6.Bd2 c5 7.dxc5 Bxc5 8.Bg2 O-O
9.O-O Qc8 10.Rc1 Be7 11.Nb5 a6 12.Nbd4 d6 13.b4 Be4 14.Nb3 Ra7 15.Bc3 Nbd7
16.Nfd2 Bxg2 17.Kxg2 Rc7 18.e4 Qa8 19.f3 Rfc8 20.Qe2 h6 21.a3 b5 22.Bd4 bxc4
23.Nxc4 d5 24.Ncd2 Rxc1 25.Rxc1 Rxc1 26.Nxc1 Qc6 27.Ncb3 Qa4 28.e5 Ne8 29.Bb2 Nc7
30.Qd3 Nb5 31.Nb1 Nb6 32.N3d2 Qd1 33.Nc3 Nxc3 34.Qxc3 Na4 35.Qc1  0-1

[Event "4th OIBM"]
[Site "Bad Wiessee GER"]
[Date "2000.10.29"]
[Round "2"]
[White "Lau,U"]
[Black "Lerner,K"]
[Result "0-1"]
[WhiteElo "2192"]
[BlackElo "2583"]

1.d4 Nf6 2.Nf3 e6 3.c4 b6 4.Nc3 Bb4 5.Bg5 Bb7 6.Rc1 h6 7.Bxf6 Qxf6 8.e3 O-O
9.Be2 c5 10.O-O cxd4 11.Qxd4 Qe7 12.Rfd1 Rd8 13.Qe5 d6 14.Qh5 Nd7 15.a3 Bxc3
16.Rxc3 Rac8 17.Nd4 Nc5 18.Bf3 Ne4 19.Bxe4 Bxe4 20.Qe2 Rc5 21.f3 Bb7 22.e4 Ba6
23.b4 Rc7 24.b5 Bb7 25.f4 Rdc8 26.Rg3 Rc5 27.Qg4 Qf6 28.f5 Re8 29.fxe6 fxe6
30.Nb3 Rg5 31.Qf3 Rxg3 32.Qxg3 Rf8 33.h3 Bxe4 34.Nd2 Qd4+  0-1

[Event "34th Olympiad"]
[Site "Istanbul TUR"]
[Date "2000.10.29"]
[Round "2"]
[White "Comas Fabrego,L"]
[Black "Grigoryan,K"]
[Result "1-0"]
[WhiteElo "2516"]
[BlackElo "2399"]

1.d4 Nf6 2.c4 e6 3.Nf3 b6 4.Nc3 Bb4 5.Bg5 h6 6.Bh4 Bb7 7.e3 Bxc3+ 8.bxc3 d6
9.Nd2 Nbd7 10.f3 e5 11.Bd3 Qe7 12.e4 Nf8 13.Nf1 Ng6 14.Bf2 Nf4 15.Ne3 Bc8
16.O-O O-O 17.Re1 Re8 18.Bf1 Bd7 19.Qc2 Rad8 20.a4 a5 21.Kh1 Kh8 22.Nd5 N6xd5
23.cxd5 f6 24.c4 exd4 25.Bxd4 Qf7 26.g3 Ng6 27.f4 Re7 28.Re3 Rde8 29.Rae1 Nf8
30.Bg2 Qh5 31.Kg1 Bh3 32.Bxh3 Qxh3 33.e5 fxe5 34.fxe5 dxe5 35.Rxe5 Rxe5 36.Rxe5 Rxe5
37.Bxe5 Qd7 38.Kg2 Kg8 39.h4 c6 40.Qe4 cxd5 41.Qxd5+ Qxd5+ 42.cxd5 Nd7 43.Bc7 Kf7
44.Kf3 Kf6 45.Ke3 Nc5 46.Bxb6 Nxa4 47.Bd4+ Ke7 48.Bxg7 Nb6 49.Bxh6 Nxd5+
50.Ke4 Ke6 51.Bg7 a4 52.Bb2 Nb4 53.h5 Nc2 54.h6 a3 55.Bc3  1-0

[Event "Chigorin Mem"]
[Site "St Petersburg RUS"]
[Date "2000.11.01"]
[Round "2"]
[White "Aseev,K"]
[Black "Eliseev,A"]
[Result "0-1"]
[WhiteElo "2554"]
[BlackElo "2386"]

1.d4 Nf6 2.c4 e6 3.Nf3 b6 4.Nc3 Bb4 5.Bg5 Bb7 6.e3 Bxc3+ 7.bxc3 d6 8.Nd2 Qe7
9.f3 e5 10.e4 Nc6 11.d5 Nb8 12.a4 a5 13.c5 bxc5 14.Bb5+ Nbd7 15.Rb1 Bc8 16.Nb3 O-O
17.c4 Nb6 18.Bd2 Nxe4 19.fxe4 Qh4+ 20.Kf1 Qxe4 21.Rc1 Bg4 22.Qc2 Be2+ 23.Kg1 Bd3
24.Qc3 Qg6 25.h4 Be4 26.Rh2 h5 27.Qe3 Bc2 28.Rh3 Qh7 29.Rg3 Kh8 30.Qc3 Bf5
31.Nxa5 Bg4 32.Ra1 f5 33.Re3 f4 34.Ree1 f3 35.Rf1 fxg2 36.Rxf8+ Rxf8  0-1

[Event "34th Olympiad"]
[Site "Istanbul TUR"]
[Date "2000.11.02"]
[Round "6"]
[White "Temirbaev,S"]
[Black "Butnorius,A"]
[Result "1/2-1/2"]
[WhiteElo "2445"]
[BlackElo "2434"]

1.d4 Nf6 2.c4 e6 3.Nf3 b6 4.Nc3 Bb4 5.Bg5 Bb7 6.e3 h6 7.Bh4 Bxc3+ 8.bxc3 d6
9.Nd2 Nbd7 10.f3 Qe7 11.e4 g5 12.Bf2 Nh5 13.Be2 Nf4 14.O-O h5 15.Re1 h4 16.Bf1 f6
17.h3 c5 18.a4 a5 19.Nb1 Ba6 20.Na3 O-O 21.Nc2 Rfd8 22.Ne3 Nf8 23.Qb3 Rab8
24.Nc2 N8g6 25.Ne3 Qc7 26.Reb1 Kg7 27.Qd1 Bc8 28.Rb2 Bd7 29.Rd2 Be8 30.Nc2 Kf7
31.Na3 Kg7 32.Rb1 Kf7 33.Nb5 Bxb5 34.Rxb5 e5 35.Qb1 Nf8 36.dxc5 bxc5 37.Rdb2 Rxb5
38.cxb5 Qb6 39.Bc4+ Ke7 40.Be3 N4e6 41.Qd1 Rd7 42.Qd5 Rb7 43.Kh2 Rb8 44.Rd2 Qc7
45.g3 hxg3+ 46.Kxg3 Qd7 47.Kh2 Rb7 48.h4 Rb8 49.hxg5 fxg5 50.Kg3 Nh7 51.Rh2 Nf6
52.Qxe6+ Qxe6 53.Bxe6 Kxe6 54.Rh6 Rg8 55.c4 g4 56.fxg4 Rxg4+ 57.Kf3 Rg8 58.Bf2 Kf7
59.Bh4 Ne8 60.Kf2 Rf8 61.Ke2 Rg8 62.Rh7+ Ng7 63.Rh6 Ne8 64.b6 Rg2+ 65.Kf3 Rb2
66.Bd8 Rb4 67.Rh7+ Ng7 68.Bc7 Kg6 69.Rh8 Ne6 70.Ra8 Nd4+ 71.Kg4 Nc6 72.Ra6 Rxc4
73.b7 Rxe4+ 74.Kf3 Rb4 75.Rxc6 Rxb7 76.Bxd6 Rb3+ 77.Ke2 Rb2+ 78.Kd3 Ra2 79.Bxe5+ Kf5
80.Rxc5 Rxa4 81.Bc3+ Ke6 82.Bxa5 Rg4 83.Bd2 Rh4 84.Be3 Rg4 85.Rh5 Kf6 86.Ke2 Ke6
87.Kf3 Rg6 88.Ke4 Rg4+ 89.Bf4 Rg6 90.Rc5 Kf6 91.Rd5 Ke6 92.Bg5 Rg7 93.Re5+ Kd6
94.Bf4 Re7  1/2-1/2

[Event "FSIM November"]
[Site "Budapest HUN"]
[Date "2000.11.06"]
[Round "3"]
[White "Dub,Z"]
[Black "Kanko,I"]
[Result "0-1"]
[WhiteElo "2137"]
[BlackElo "2206"]

1.d4 Nf6 2.c4 e6 3.Nf3 b6 4.Nc3 Bb7 5.a3 g6 6.Bg5 h6 7.Bh4 Bg7 8.Qc2 d6 9.e4 g5
10.Bg3 Nh5 11.O-O-O Nd7 12.Be2 Nxg3 13.hxg3 Qe7 14.g4 a6 15.g3 c6 16.Ne1 b5
17.Ng2 bxc4 18.Bxc4 d5 19.exd5 cxd5 20.Bxd5 Nb6 21.Bxb7 Qxb7 22.Ne4 O-O 23.Ne3 Rfc8
24.Nc5 Qc6 25.b4 a5 26.d5 Nxd5 27.Rxd5 exd5 28.Nf5 Qf6 29.Kd2 axb4 30.axb4 Ra3
31.Rc1 Bf8 32.Qb1 Qe5 33.Rc2 Ra1 34.Nd3 Rxb1 35.Nxh6+ Kh7 36.Nxe5 Bxb4+ 37.Kd3 Rb3+  0-1

[Event "Chigorin Mem"]
[Site "St Petersburg RUS"]
[Date "2000.11.08"]
[Round "7"]
[White "Solozhenkin,E"]
[Black "Paramonov,D"]
[Result "0-1"]
[WhiteElo "2504"]
[BlackElo "2332"]

1.d4 Nf6 2.c4 e6 3.Nf3 b6 4.Nc3 Bb7 5.a3 d5 6.cxd5 exd5 7.g3 Nbd7 8.Bf4 c6
9.Bg2 Be7 10.O-O O-O 11.Qc2 a5 12.Rad1 b5 13.Ne5 Nb6 14.Rfe1 Qc8 15.Rc1 Nfd7
16.Bh3 Qd8 17.Nxd7 Nxd7 18.e4 b4 19.axb4 Bxb4 20.e5 c5 21.Red1 cxd4 22.Na2 Rc8
23.Qf5 Nc5 24.Nxb4 axb4 25.Bg5 Qb6 26.Be7 Rfe8 27.Bxc5 Rxc5 28.Rxc5 Qxc5
29.Qd7 Bc6 30.Qc7 Qc2 31.Rxd4 Qb1+ 32.Kg2 Bb5 33.Bd7 Bf1+ 34.Kf3 Qxb2 35.Bxe8 Qe2+
36.Kf4 Qxf2+ 37.Kg5 h6+ 38.Kh5 Qf5+  0-1

[Event "Chigorin Mem"]
[Site "St Petersburg RUS"]
[Date "2000.11.09"]
[Round "8"]
[White "Malaniuk,V"]
[Black "Pavlov,Al"]
[Result "1-0"]
[WhiteElo "2548"]
[BlackElo "2307"]

1.d4 Nf6 2.Nf3 e6 3.c4 b6 4.Nc3 Bb4 5.Bg5 h6 6.Bh4 Bb7 7.Nd2 Bxc3 8.bxc3 d6
9.f3 Nbd7 10.e4 e5 11.Be2 Qe7 12.Nf1 g5 13.Bf2 Nf8 14.Ne3 Ng6 15.a4 Nf4 16.Bf1 Nd7
17.a5 O-O 18.g3 Ne6 19.h4 Ng7 20.hxg5 Qxg5 21.a6 Bc8 22.g4 exd4 23.cxd4 Nf6
24.Qd3 Re8 25.Bh4 Qg6 26.Bxf6 Qxf6 27.Nd5 Qd8 28.Rxh6 Re6 29.Rh3 c6 30.Ra2 cxd5
31.Rah2 Ne8 32.Rh8+ Kg7 33.e5 dxe5 34.Qh7+  1-0

[Event "Chigorin Mem"]
[Site "St Petersburg RUS"]
[Date "2000.11.10"]
[Round "9"]
[White "Dobrov,V"]
[Black "Sivokho,S"]
[Result "0-1"]
[WhiteElo "2339"]
[BlackElo "2469"]

1.d4 Nf6 2.Nf3 e6 3.c4 b6 4.Nc3 c5 5.d5 exd5 6.cxd5 Ba6 7.Qa4 Bd6 8.e4 Bxf1
9.Kxf1 Qe7 10.Nb5 Ng4 11.h3 Ne5 12.Bf4 f6 13.Nxe5 fxe5 14.Bg5 Qf8 15.Rc1 h6
16.Be3 Kf7 17.b4 Kg6 18.bxc5 bxc5 19.Nxd6 Qxd6 20.Bxc5 Qf6 21.Qa3 Rc8 22.Ke2 d6
23.Bxd6 Nd7 24.Bc7 Kh7 25.Rc6 Qh4 26.Qe3 Rf8 27.f3 Rf7 28.Rb1 Qg3 29.Qf2 Qh2
30.Re6 Rc8 31.Rc1 Nf8 32.Rec6 Re8 33.Ba5 Ng6 34.Bd2 Rb8 35.R1c2 Rb1 36.Rc1 Rb2
37.R6c2 Rfb7 38.Be3 Nf4+ 39.Bxf4 Qxf4 40.Kf1 Rxa2 41.g3 Rxc2 42.Rxc2 Qf8
43.Kg2 Qb8 44.Qc5 Rb2 45.Rxb2 Qxb2+ 46.Qf2 Qa3 47.Qd2 Qd6 48.h4 Kg8 49.f4 exf4
50.Qxf4 Qxf4 51.gxf4 a5  0-1

[Event "34th Olympiad"]
[Site "Istanbul TUR"]
[Date "2000.11.12"]
[Round "14"]
[White "Comas Fabrego,L"]
[Black "Hracek,Z"]
[Result "1/2-1/2"]
[WhiteElo "2516"]
[BlackElo "2612"]

1.d4 e6 2.c4 Nf6 3.Nf3 b6 4.Nc3 Bb7 5.Bg5 Be7 6.Qc2 c5 7.dxc5 bxc5 8.e3 d6
9.Be2 O-O 10.O-O Nbd7 11.Rfd1 Qb6 12.Rd2 Rfd8 13.Bh4 Nf8 14.h3 Ng6 15.Bg3 Rac8
16.Rad1 a6 17.Ne1 d5 18.cxd5 exd5 19.Qb3 Qxb3 20.axb3 Ne4 21.Nxe4 dxe4 22.Nc2 Rxd2
23.Rxd2 Rd8 24.Rxd8+ Bxd8 25.Na3 Bd5 26.Nc4 Nf8 27.Kf1 Ne6 28.Ke1 Kf8 29.Kd2 f5
30.Be5 Bc7 31.Bxc7 Nxc7 32.Nb6 Bc6 33.Na4 Bxa4 34.bxa4 Ke7 35.a5 g5 36.g3 Kd6
37.Kc3 Nd5+ 38.Kd2  1/2-1/2

[Event "TCh-FIN 00-01"]
[Site "FIN"]
[Date "2000.11.18"]
[Round "4"]
[White "Tella,J"]
[Black "Laihonen,P"]
[Result "1-0"]
[WhiteElo "2418"]
[BlackElo "2274"]

1.d4 Nf6 2.Nf3 e6 3.c4 b6 4.Nc3 Bb4 5.Bg5 Bb7 6.Nd2 Bxc3 7.bxc3 d6 8.f3 Nbd7
9.e4 Qe7 10.c5 bxc5 11.Rb1 Bc8 12.e5 dxe5 13.dxe5 Nxe5 14.f4 Nc6 15.Qf3 Bd7
16.Bb5 Qd6 17.Bxf6 gxf6 18.Ne4 Qe7 19.Bxc6 Bxc6 20.Nxf6+ Qxf6 21.Qxc6+ Ke7
22.Qxc5+ Ke8 23.O-O Rd8 24.f5 Qe7 25.Qb5+ Qd7 26.fxe6 Qxb5 27.exf7+ Kd7 28.Rxb5 Kc6
29.a4 a6 30.Re5 Rhf8 31.g4 Rd7 32.Ref5 Rd3 33.Kg2 Rxc3 34.h4 Rc4 35.Kg3 Kd7
36.g5 Rc6 37.h5 Ke7 38.Re5+ Re6 39.Rxe6+ Kxe6 40.g6  1-0

[Event "Czech Extra League 2000-1"]
[Site "CZE"]
[Date "2000.11.19"]
[Round "2"]
[White "Stocek,J"]
[Black "Forman,S"]
[Result "1-0"]
[WhiteElo "2514"]
[BlackElo "2220"]

1.d4 Nf6 2.c4 e6 3.Nf3 b6 4.Nc3 Bb4 5.Qb3 c5 6.Bg5 Bb7 7.e3 h6 8.Bh4 d6 9.O-O-O O-O
10.d5 Bxc3 11.Qxc3 e5 12.g4 Nbd7 13.Qc2 b5 14.g5 hxg5 15.Nxg5 Qa5 16.Kb1 bxc4
17.Rg1 Rab8 18.Bh3 c3 19.Ne4 Bxd5 20.Nxc3 Be6 21.Bxe6 fxe6 22.Rxd6 Rbe8 23.Ne4 Qc7
24.Qd1 Qb7 25.Nxf6+ Nxf6 26.Bxf6 Rxf6 27.Rd7 Qe4+ 28.Ka1 Rf7 29.Rxf7 Kxf7
30.Qh5+ g6 31.Qh7+ Kf6 32.f3 Qf5 33.e4 Qh5 34.Qxa7 Qxh2 35.Qxc5 Rc8 36.Qe3 Qf4
37.Qe1 Rc2 38.Kb1 Rh2 39.Qb4 Kf7 40.Qb7+ Kf6 41.Qb8 g5 42.a3 Rf2 43.Rh1 Rh2
44.Qf8+ Kg6 45.Qxf4  1-0

[Event "VI Open"]
[Site "Lisbon POR"]
[Date "2000.11.22"]
[Round "5"]
[White "Kogan,A"]
[Black "Palac,M"]
[Result "0-1"]
[WhiteElo "2504"]
[BlackElo "2573"]

1.d4 Nf6 2.c4 e6 3.Nf3 b6 4.Nc3 Bb7 5.Bf4 Bb4 6.Qb3 a5 7.e3 Ne4 8.Bd3 d6
9.O-O Bxc3 10.bxc3 Nd7 11.Rad1 Qe7 12.c5 O-O 13.cxb6 Nxb6 14.c4 f5 15.h3 a4
16.Qa3 Qf6 17.Bxe4 fxe4 18.Nd2 Ba6 19.Rc1 d5 20.c5 Nd7 21.c6 e5 22.dxe5 Nxe5
23.Bxe5 Qxe5 24.f4 exf3 25.Nxf3 Qg3 26.Rf2 Bc4 27.Qc5 Rae8 28.Rd1 Re6 29.Rd4 Qd6
30.Qa7 Qxc6 31.Rg4 Qb6  0-1

[Event "72nd ch-GER"]
[Site "Seebad Heringsdorf GER"]
[Date "2000.11.24"]
[Round "8"]
[White "Enigk,F"]
[Black "Schramm,C"]
[Result "1-0"]
[WhiteElo "2195"]
[BlackElo "2326"]

1.d4 Nf6 2.c4 e6 3.Nc3 b6 4.Nf3 Bb7 5.a3 g6 6.d5 Bg7 7.e4 d6 8.Be2 O-O 9.O-O c5
10.Bf4 e5 11.Bd2 Nh5 12.g3 Bc8 13.Ne1 Bh3 14.Ng2 Nf6 15.f3 h5 16.Bg5 Qd7
17.Qd2 Kh7 18.Rfb1 Ng8 19.Nd1 f6 20.Be3 Qd8 21.Nf2 Bd7 22.b4 Na6 23.Nd3 Bh6
24.f4 Re8 25.f5 gxf5 26.Bxh5 Re7 27.Nh4 fxe4 28.Bg6+ Kg7 29.Bxe4 Bxe3+ 30.Qxe3 Nh6
31.Rf1 Rf7 32.Nf5+ Bxf5 33.Bxf5 Nxf5 34.Rxf5 cxb4 35.axb4 Qc8 36.Rh5 Rf8
37.Qh6+ Kf7 38.Qh7+ Ke8 39.Qg6+ Kd8 40.Qg7 Re8  1-0